000 00458nab a2200145Ia 4500
003 ES-SlBCS
005 20210601133028.0
008 140529s1979 xxu||||| |||| 00| 0 ita d
041 _aita
100 1 _aZago, Giusseppe
_9201514
245 0 0 _aI fondamenti epistemologici della educazione storica
_c Giusseppe Zago
650 0 4 _aEducación Histórica
_9201515
773 0 _tRassegna di Pedagogia
_gvol. 37, nº. 1-2-3, 1979, págs. 30-48
_wRev924
942 _cAR
999 _c589547
_d589547